| 000 | 00000nam 2200000za 4500 |
| 001 | 9.644064 |
| 003 | CaOODSP |
| 005 | 20250129103506 |
| 007 | cr ||||||||||| |
| 008 | 150407s2015 quc o f001 0 fre d |
| 020 | |a978-0-660-23073-3 |
| 040 | |aCaOODSP|bfre |
| 043 | |an-cn--- |
| 086 | 1 |aEn56-238/2-2015F-PDF |
| 245 | 00|aMANOBS |h[ressource électronique] : |bManuel d'observations météorologiques de surface. |
| 250 | |aSeptième édition, Modification 19 |
| 260 | |a[Gatineau, Québec] : |bEnvironnement Canada : |bService météorologique du Canada, |c2015. |
| 300 | |axiv, 463 p. |
| 500 | |a« Avril 2015. » |
| 500 | |aComprend un index. |
| 500 | |aPublié aussi en anglais sous le titre: MANOBS : Manual of surface weather observations. |
| 520 | |a« Ce manuel prescrit les procédures normalisées du Service météorologique du Canada pour l’observation, l’enregistrement et la transmission des conditions météorologiques. Il a été rédigé conformément aux procédures internationales recommandées par l’Organisation météorologique mondiale (OMM). » -- Avant-propos. |
| 530 | |aÉgalement publié en version imprimée. |
| 692 | 07|2gccst|aTemps (Météorologie) |
| 692 | 07|2gccst|aManuel |
| 710 | 1 |aCanada. |bEnvironnement Canada. |
| 710 | 2 |aService météorologique du Canada. |
| 775 | 08|tMANOBS |w(CaOODSP)9.700161 |
| 776 | 0#|tMANOBS : |w(CaOODSP)9.678157 |
| 794 | |tMANOBS - manuel des normes d'observations météorologiques de surface.|bHuitième édition|w(CaOODSP)9.862527 |
| 795 | |tMANOBS - Manuel d'observations météorologiques de surface |w(CaOODSP)9.640509 |
| 856 | 40|qPDF|s5.43 Mo|uhttps://publications.gc.ca/collections/collection_2015/ec/En56-238-2-2015-fra.pdf |